| 000 | 00523nam a2200133Ia 4500 | ||
|---|---|---|---|
| 008 | 260210s9999 xx 000 0 und d | ||
| 024 | _a08B-128-EE, 08B-131-EE, 08B-144-EE & 08B-162-EE | ||
| 082 | _a629.892072 SHA | ||
| 100 | _aShazli Bin Shaique, Moazzam Adil Khan, Muhammad Fahad & Talha Iqbal Mughal | ||
| 245 | 0 | _aMicro-Controller Based Multi Size bottle Filling Machine with Data Acquisition | |
| 260 |
_aKarachi: _bUITU, _c2008 |
||
| 600 | _aElectronic Engineering | ||
| 650 | _aBachelor of Engineering (BE) | ||
| 999 |
_c33017 _d33017 |
||